<?xml version="1.0" encoding="UTF-8"?>
<record
    xmlns:xsi="http://www.w3.org/2001/XMLSchema-instance"
    xsi:schemaLocation="http://www.loc.gov/MARC21/slim http://www.loc.gov/standards/marcxml/schema/MARC21slim.xsd"
    xmlns="http://www.loc.gov/MARC21/slim">

  <leader>01469nam a22002777a 4500</leader>
  <controlfield tag="001">1490</controlfield>
  <controlfield tag="005">20231002103846.0</controlfield>
  <datafield tag="020" ind1=" " ind2=" ">
    <subfield code="a">9789924340041</subfield>
  </datafield>
  <datafield tag="040" ind1=" " ind2=" ">
    <subfield code="a">FISKH </subfield>
    <subfield code="b">eng</subfield>
    <subfield code="c">FISKH </subfield>
    <subfield code="d">FISKH </subfield>
  </datafield>
  <datafield tag="082" ind1=" " ind2=" ">
    <subfield code="a">641.5638</subfield>
  </datafield>
  <datafield tag="100" ind1=" " ind2=" ">
    <subfield code="a">Sophal, Bot </subfield>
  </datafield>
  <datafield tag="245" ind1=" " ind2=" ">
    <subfield code="a">&#x17A2;&#x17B6;&#x1790;&#x17CD;&#x1780;&#x17C6;&#x1794;&#x17B6;&#x17C6;&#x1784;&#x17A2;&#x17B6;&#x17A0;&#x17B6;&#x179A;&#x178A;&#x17BE;&#x1798;&#x17D2;&#x1794;&#x17B8;&#x179F;&#x17BB;&#x1781;&#x1797;&#x17B6;&#x1796; / </subfield>
  </datafield>
  <datafield tag="250" ind1=" " ind2=" ">
    <subfield code="a">&#x1794;&#x17C4;&#x17C7;&#x1796;&#x17BB;&#x1798;&#x17D2;&#x1796;&#x179B;&#x17BE;&#x1780;&#x1791;&#x17B8; &#x17E4; &#x1781;&#x17C2;&#x1798;&#x1780;&#x179A;&#x17B6; &#x17E2;&#x17E0;&#x17E2;&#x17E3; </subfield>
  </datafield>
  <datafield tag="260" ind1=" " ind2=" ">
    <subfield code="a">Phnom Penh : </subfield>
    <subfield code="b">Sipar, </subfield>
    <subfield code="c">2023. </subfield>
  </datafield>
  <datafield tag="300" ind1=" " ind2=" ">
    <subfield code="a">44 pages : </subfield>
    <subfield code="b">color illustrations ; </subfield>
    <subfield code="c">29 cm</subfield>
  </datafield>
  <datafield tag="490" ind1=" " ind2=" ">
    <subfield code="a">&#x1794;&#x17C6;&#x178E;&#x17B7;&#x1793;&#x1787;&#x17B8;&#x179C;&#x17B7;&#x178F;</subfield>
  </datafield>
  <datafield tag="505" ind1=" " ind2=" ">
    <subfield code="a">Z'
</subfield>
  </datafield>
  <datafield tag="520" ind1=" " ind2=" ">
    <subfield code="a">&#x1794;&#x1784;&#x17D2;&#x17A0;&#x17B6;&#x1789;&#x1796;&#x17B8;&#x17A2;&#x178F;&#x17D2;&#x1790;&#x1794;&#x17D2;&#x179A;&#x1799;&#x17C4;&#x1787;&#x1793;&#x17CD;&#x200B;&#x1793;&#x17C3;&#x17A2;&#x17B6;&#x17A0;&#x17B6;&#x179A; &#x1785;&#x17D2;&#x179A;&#x17BE;&#x1793;&#x1794;&#x17D2;&#x179A;&#x1797;&#x17C1;&#x1791;&#x178A;&#x17C2;&#x179B;&#x1799;&#x17BE;&#x1784;&#x1791;&#x1791;&#x17BD;&#x179B;&#x1791;&#x17B6;&#x1793;&#x179A;&#x17B6;&#x179B;&#x17CB;&#x1790;&#x17D2;&#x1784;&#x17C3; &#x178F;&#x17BD;&#x1793;&#x17B6;&#x1791;&#x17B8;&#x1793;&#x17C3;&#x17A2;&#x17B6;&#x17A0;&#x17B6;&#x179A; &#x179A;&#x1794;&#x17C0;&#x1794;&#x1791;&#x1791;&#x17BD;&#x179B;&#x1791;&#x17B6;&#x1793; &#x1787;&#x17C6;&#x1784;&#x17BA;&#x1780;&#x17BE;&#x178F;&#x1798;&#x1780;&#x1796;&#x17B8;&#x1780;&#x17B6;&#x179A;&#x1791;&#x1791;&#x17BD;&#x179B;&#x1791;&#x17B6;&#x1793;&#x1798;&#x17B7;&#x1793;&#x1794;&#x17B6;&#x1793;&#x178F;&#x17D2;&#x179A;&#x17B9;&#x1798;&#x178F;&#x17D2;&#x179A;&#x17BC;&#x179C; &#x1793;&#x17B7;&#x1784;&#x1794;&#x17D2;&#x179A;&#x1780;&#x17B6;&#x179A;&#x1782;&#x17BD;&#x179A;&#x1787;&#x17C0;&#x179F;&#x179C;&#x17C0;&#x1784;&#x17D4; </subfield>
  </datafield>
  <datafield tag="520" ind1=" " ind2=" ">
    <subfield code="a">Shows the benefits of the variety of foods we eat every day, the role of food, how to eat, the disease caused by improper eating and things to avoid.</subfield>
  </datafield>
  <datafield tag="521" ind1=" " ind2=" ">
    <subfield code="a">1120



</subfield>
    <subfield code="b">Lexile estimate
</subfield>
  </datafield>
  <datafield tag="521" ind1=" " ind2=" ">
    <subfield code="a">Z'
</subfield>
    <subfield code="b">Raz-Plus
</subfield>
  </datafield>
  <datafield tag="650" ind1=" " ind2=" ">
    <subfield code="a">&#x17A2;&#x17B6;&#x17A0;&#x17B6;&#x179A; </subfield>
    <subfield code="v">&#x1798;&#x17BC;&#x179B;&#x17A0;&#x17C1;&#x178F;&#x17BB; </subfield>
    <subfield code="x">&#x178F;&#x17BD;&#x1793;&#x17B6;&#x1791;&#x17B8; </subfield>
  </datafield>
  <datafield tag="650" ind1=" " ind2=" ">
    <subfield code="a">Food </subfield>
    <subfield code="v">Cause </subfield>
    <subfield code="x">Role </subfield>
  </datafield>
  <datafield tag="700" ind1=" " ind2=" ">
    <subfield code="a">Rotha, Ouk </subfield>
    <subfield code="c">illustrator </subfield>
  </datafield>
  <datafield tag="942" ind1=" " ind2=" ">
    <subfield code="2">ddc</subfield>
    <subfield code="c">BK</subfield>
    <subfield code="n">0</subfield>
  </datafield>
  <datafield tag="999" ind1=" " ind2=" ">
    <subfield code="c">1490</subfield>
    <subfield code="d">1490</subfield>
  </datafield>
  <datafield tag="952" ind1=" " ind2=" ">
    <subfield code="0">0</subfield>
    <subfield code="1">0</subfield>
    <subfield code="2">ddc</subfield>
    <subfield code="4">0</subfield>
    <subfield code="7">0</subfield>
    <subfield code="8">KHMERNF</subfield>
    <subfield code="a">002</subfield>
    <subfield code="b">002</subfield>
    <subfield code="c">SKB</subfield>
    <subfield code="d">2023-08-28</subfield>
    <subfield code="l">0</subfield>
    <subfield code="o">SOP 641.5638</subfield>
    <subfield code="p">2023-0395</subfield>
    <subfield code="r">2023-08-28 15:48:01</subfield>
    <subfield code="t">1</subfield>
    <subfield code="w">2023-08-28</subfield>
    <subfield code="y">BK</subfield>
  </datafield>
  <datafield tag="952" ind1=" " ind2=" ">
    <subfield code="0">0</subfield>
    <subfield code="1">0</subfield>
    <subfield code="2">ddc</subfield>
    <subfield code="4">0</subfield>
    <subfield code="7">0</subfield>
    <subfield code="8">KHMERNF</subfield>
    <subfield code="a">001</subfield>
    <subfield code="b">001</subfield>
    <subfield code="c">RHTK2</subfield>
    <subfield code="d">2023-08-28</subfield>
    <subfield code="l">1</subfield>
    <subfield code="o">SOP 641.5638</subfield>
    <subfield code="p">2023-0396</subfield>
    <subfield code="r">2025-05-26 09:28:23</subfield>
    <subfield code="s">2025-05-21</subfield>
    <subfield code="t">2</subfield>
    <subfield code="w">2023-08-28</subfield>
    <subfield code="y">BK</subfield>
  </datafield>
</record>
